Abstract algebra / (Record no. 38953)

MARC details
000 -LEADER
fixed length control field 00812nam a22002417a 4500
005 - DATE AND TIME OF LATEST TRANSACTION
control field 20180604145110.0
010 ## - LCCN (DPL NO)
LC control number ENG-97847 B-424978-989
020 ## - INTERNATIONAL STANDARD BOOK NUMBER
International Standard Book Number 9788120339323
Terms of availability 250.00
035 ## - SYSTEM CONTROL NUMBER
System control number EN-81380
035 ## - SYSTEM CONTROL NUMBER
System control number B-424978-989
037 ## - SOURCE OF ACQUISITION
Source of stock number/acquisition DBAD/PUB
037 ## - SOURCE OF ACQUISITION
Source of stock number/acquisition Researchco Book Centre
082 ## - DEWEY DECIMAL CLASSIFICATION NUMBER
Classification number 512.02
100 ## - MAIN ENTRY--PERSONAL NAME
Personal name Sheth, I. H.
245 ## - TITLE STATEMENT
Title Abstract algebra /
Statement of responsibility, etc by I. H. Sheth
260 ## - PUBLICATION, DISTRIBUTION, ETC. (IMPRINT)
Place of publication, distribution, etc New Delhi
Name of publisher, distributor, etc PHI Learning
Date of publication, distribution, etc 2009
270 ## - ADDRESS
Address M-97, Connaught Circus
City New Delhi
Postal code 110006
300 ## - PHYSICAL DESCRIPTION
Extent xvii,373p.
Dimensions 24cm (pbk)
500 ## - GENERAL NOTE
General note Includes references and index
650 ## - SUBJECT ADDED ENTRY--TOPICAL TERM
Topical term or geographic name as entry element Algebra, Abstract
942 ## - ADDED ENTRY ELEMENTS (KOHA)
Source of classification or shelving scheme Dewey Decimal Classification
Item type English Books
Classification part 512.02
Call number suffix SHE
Holdings
Withdrawn status Lost status Not for loan Collection code Home library Current library Date acquired Source of acquisition Cost, normal purchase price Full call number Barcode Copy number Cost, replacement price Koha item type Public note
      Non-fiction Bawana Bawana 09/08/2011 Researchco Book Centre/RBC-22386/2011-12/14.3.11/76/4.3.11/23.3.11 250.00 512.02 SHE B-424987 1 250.00 English Books  
      Non-fiction Central Library Central Library 09/08/2011 Researchco Book Centre/RBC-22386/2011-12/14.3.11/76/4.3.11/23.3.11 250.00 512.02 SHE B-424978 1 250.00 English Books Legal Case (Register 2018)
    Not For Loan Non-fiction D.B.Act.Division D.B.Act.Division 03/08/2010 DBAD/PUB 250.00 512.02 SHE EN-81380 1 250.00 English Books  
      Non-fiction Janak Puri Janak Puri 09/08/2011 Researchco Book Centre/RBC-22386/2011-12/14.3.11/76/4.3.11/23.3.11 250.00 512.02 SHE B-424983 1 250.00 English Books  
      Non-fiction Mobile Library Mobile Library 09/08/2011 Researchco Book Centre/RBC-22386/2011-12/14.3.11/76/4.3.11/23.3.11 250.00 512.02 SHE B-424979 2 250.00 English Books  
      Non-fiction Mobile Library Mobile Library 09/08/2011 Researchco Book Centre/RBC-22386/2011-12/14.3.11/76/4.3.11/23.3.11 250.00 512.02 SHE B-424980 2 250.00 English Books  
      Non-fiction Narela Narela 09/08/2011 Researchco Book Centre/RBC-22386/2011-12/14.3.11/76/4.3.11/23.3.11 250.00 512.02 SHE B-424988 1 250.00 English Books  
  Written-off vide DLB M. No. 383 dt 16.05.19   Non-fiction New Rajendra Nagar New Rajendra Nagar 09/08/2011 Researchco Book Centre/RBC-22386/2011-12/14.3.11/76/4.3.11/23.3.11 250.00 512.02 SHE B-424982 1 250.00 English Books  
      Non-fiction Patel Nagar Patel Nagar 09/08/2011 Researchco Book Centre/RBC-22386/2011-12/14.3.11/76/4.3.11/23.3.11 250.00 512.02 SHE B-424981 1 250.00 English Books  
      Non-fiction R.K.Puram-8 R.K.Puram-8 09/08/2011 Researchco Book Centre/RBC-22386/2011-12/14.3.11/76/4.3.11/23.3.11 250.00 512.02 SHE B-424985 1 250.00 English Books  
      Non-fiction Sarojini Nagar Sarojini Nagar 09/08/2011 Researchco Book Centre/RBC-22386/2011-12/14.3.11/76/4.3.11/23.3.11 250.00 512.02 SHE B-424984 1 250.00 English Books  
Binding     Non-fiction Shahdara Branch Shahdara Branch 09/08/2011 Researchco Book Centre/RBC-22386/2011-12/14.3.11/76/4.3.11/23.3.11 250.00 512.02 SHE B-424989 1 250.00 English Books  
      Non-fiction Vinoba Puri Vinoba Puri 09/08/2011 Researchco Book Centre/RBC-22386/2011-12/14.3.11/76/4.3.11/23.3.11 250.00 512.02 SHE B-424986 1 250.00 English Books  

© Delhi Public Library
Hit Counter
free hit counter